[Event "Geneve op"]
[Site "Geneve"]
[Date "1991.??.??"]
[Round "3"]
[White "Efimov, Igor"]
[Black "Nievergelt, Jakob"]
[Result "1-0"]
[WhiteElo "2470"]
[BlackElo "2000"]

1.d4 d6 2.e4 g6 3.Nc3 Bg7 4.Be3 c6 5.Qd2 Nd7 6.h4 Ngf6 7.f3 b5 8.g4 h5 9.g5 Ng8
10.a3 Bb7 11.f4 a5 12.Bg2 b4 13.Nce2 c5 14.Nh3 e6 15.O-O Ne7 16.axb4 cxb4
17.Ng3 O-O 18.f5 exf5 19.exf5 Bxg2 20.Qxg2 Nxf5 21.Nxf5 gxf5 22.Rxf5 Qe7
23.Bf2 Qe2 24.Nf4 Qxc2 25.Nd5 Kh8 26.Qf3 Rae8 27.Qxh5+ Kg8 28.Nf6+ Nxf6 29.gxf6 Qxb2
30.Qg5  1-0

[Event "Geneve op"]
[Site "Geneve"]
[Date "1991.??.??"]
[Round "5"]
[White "Jurkovic, Ante"]
[Black "Todorcevic, Miodrag"]
[Result "0-1"]
[WhiteElo "2325"]
[BlackElo "2480"]

1.e4 g6 2.d4 Bg7 3.Nc3 d6 4.Be3 c6 5.Qd2 Nd7 6.h4 h5 7.f3 b5 8.Nh3 a6 9.Nf2 Qc7
10.g4 Nb6 11.g5 Bb7 12.b3 e6 13.Ne2 Ne7 14.Bg2 O-O 15.Rc1 c5 16.c3 a5 17.O-O c4
18.Ng3 cxb3 19.axb3 a4 20.f4 axb3 21.f5 Nc4 22.Qe2 exf5 23.exf5 Bxg2 24.Kxg2 Nd5
25.Nd1 Ra2  0-1

[Event "GER-ch U20"]
[Site "GER"]
[Date "1991.??.??"]
[Round "?"]
[White "Polzin, Rainer"]
[Black "Bezold, Michael"]
[Result "0-1"]
[WhiteElo "2280"]
[BlackElo "2355"]

1.e4 g6 2.d4 Bg7 3.Nc3 d6 4.f4 Nd7 5.Nf3 a6 6.a4 e6 7.Bd3 Ne7 8.O-O c5 9.d5 exd5
10.Nxd5 Nxd5 11.exd5 O-O 12.c4 h6 13.Re1 b6 14.Ra3 Nf6 15.Bc2 Bd7 16.h3 b5
17.axb5 axb5 18.Rxa8 Qxa8 19.b3 bxc4 20.bxc4 Qa2 21.Bb3 Qa6 22.Bb2 Rb8 23.Nd2 Qa5
24.Qc1 Qd8 25.Bc3 Nh5 26.Bxg7 Nxg7 27.Bc2 Bf5 28.Nf3 Qf6 29.Ba4 Rb1 30.Qe3 Rxe1+
31.Nxe1 Bb1 32.Bd7 Ba2 33.Bb5 Nf5 34.Qe8+ Kg7 35.Qe2 Qa1 36.Kh2 Nd4 37.Qe4 Qc1
38.Nf3 Bb1 39.Qe7 Qxf4+ 40.Kg1 Nxf3+  0-1

[Event "BL qual"]
[Site "Germany"]
[Date "1991.??.??"]
[Round "?"]
[White "Rechel, Bernd"]
[Black "Speckner, Roland"]
[Result "1-0"]
[WhiteElo "2350"]
[BlackElo "2225"]

1.e4 d6 2.d4 g6 3.Nc3 Bg7 4.Bc4 Nc6 5.Nge2 Nf6 6.f3 O-O 7.Be3 e5 8.Qd2 a6
9.a3 exd4 10.Nxd4 Ne5 11.Ba2 c5 12.Nde2 Be6 13.Nd5 Nxd5 14.Bxd5 Qb6 15.Rb1 Nc4
16.Bxc4 Bxc4 17.Nc3 Rfe8 18.Nd5 Bxd5 19.Qxd5 Re5 20.Qd2 d5 21.Bf4 Ree8 22.Qxd5 Rad8
23.Qc4 Qf6 24.Be3 Bh6 25.Qxc5 Rc8 26.Qd4 Qxd4 27.Bxd4 Rxc2 28.O-O Rd8 29.Bc3 Bg7
30.e5 Bf8 31.Rbc1 Bc5+ 32.Kh1 Rxc1 33.Rxc1 b5 34.g3 Kf8 35.Ba5 Rd5 36.Rxc5  1-0

[Event "BL2-S qual"]
[Site "Germany"]
[Date "1991.??.??"]
[Round "?"]
[White "Krockenberger, Martin"]
[Black "Kunze, Kerstin"]
[Result "1/2-1/2"]
[WhiteElo "2315"]
[BlackElo "2160"]

1.e4 g6 2.d4 Bg7 3.Nc3 d6 4.Be3 Nf6 5.h3 O-O 6.Nf3 c6 7.a4 a5 8.Be2 Na6 9.O-O Qc7
10.Nd2 Nb4 11.Qc1 Bd7 12.Nd1 b5 13.c3 Na6 14.axb5 cxb5 15.f4 Rfc8 16.Bf3 Bc6
17.d5 Bb7 18.Nb3 Nc5 19.Nxc5 dxc5 20.Nf2 c4 21.Qd2 Rd8 22.Ng4 Nxe4 23.Bxe4 f5
24.Qf2 Qc8 25.Bf3 fxg4 26.Bxg4 Qb8 27.Be6+ Kh8 28.Bd4 Rf8 29.f5 gxf5 30.Bxg7+ Kxg7
31.Qd4+ Rf6 32.Rxf5 Qa7 33.Rg5+ Kh6 34.Qxa7 Rxa7 35.Rg8 Rg6 36.Re8 Rg7 37.g4 Ra6
38.Kf2 Rd6  1/2-1/2

[Event "BL qual"]
[Site "Germany"]
[Date "1991.??.??"]
[Round "?"]
[White "Schmid, Guenter"]
[Black "Schnaebele, Uwe"]
[Result "1/2-1/2"]
[WhiteElo "2310"]
[BlackElo "2315"]

1.e4 g6 2.d4 Bg7 3.Nc3 d6 4.Be3 c6 5.Qd2 Nd7 6.a4 Qa5 7.Nd1 Qxd2+ 8.Kxd2 Ngf6
9.f3 e5 10.Kc1 O-O 11.dxe5 Nxe5 12.Bd4 Re8 13.Ne2 d5 14.f4 Ned7 15.e5 Ne4
16.Ng3 Nec5 17.Be2 f6 18.exf6 Bxf6 19.Bxf6 Nxf6 20.Bd3 Nxd3+ 21.cxd3 Bd7
22.Kd2 Re7 23.Nf2 a5 24.Rhe1 Rae8 25.Rxe7 Rxe7 26.Rc1 Ne8 27.Ne2 Nd6 28.Nd4 Kf8
29.Nd1 Re8 30.Ne3 Rc8 31.Nf3 b5 32.Ne5 Ke7 33.axb5 Nxb5 34.Re1 Be6 35.Nc2 Kf6
36.Ra1 g5 37.Rxa5 gxf4 38.Nf3 Bg4 39.Nce1 Bxf3 40.Nxf3 Rg8 41.Ne1 Nd4 42.Ra7 h6
43.Rc7 Ke5 44.Re7+ Kf6 45.Rc7 Ke5 46.Re7+ Kf6 47.Rc7 Ke5 48.Re7+  1/2-1/2

[Event "BL2-W qual"]
[Site "Germany"]
[Date "1991.??.??"]
[Round "?"]
[White "Schlehoefer, Ralf"]
[Black "Pekarek, Ales"]
[Result "1/2-1/2"]
[WhiteElo "2310"]
[BlackElo "2475"]

1.d4 d6 2.e4 g6 3.Nc3 Bg7 4.Bg5 a6 5.Qd2 b5 6.Nf3 Bb7 7.Bd3 Nd7 8.a4 b4 9.Ne2 c5
10.c3 Ngf6 11.Ng3 h6 12.Bxf6 Bxf6 13.h4 e6 14.d5 bxc3 15.bxc3 c4 16.dxe6 fxe6
17.Bc2 Qa5 18.Nd4 O-O-O 19.O-O Nc5 20.Rab1 Bxh4 21.Rb4 e5 22.Nde2 Bg5 23.Qd1 h5
24.Rxc4 h4 25.Nh1 Kb8 26.Qb1 Rh7 27.Qb4 Qxb4 28.cxb4 Ne6 29.f3 Be3+ 30.Kh2 Rdd7
31.Nf2 Rc7 32.Bd3 Nf4 33.Nxf4 Bxf4+ 34.Kh1 Bc8 35.Rd1 Kb7 36.Nh3 Be3 37.Re1 Bh6
38.Rb1 Be6 39.Rxc7+ Rxc7 40.a5 Rc3 41.Bf1 Be3 42.b5 axb5 43.Bxb5 Ka7 44.Rd1 Bd4
45.Ng5 Bb3 46.Rb1 Be3 47.Nh7 Bf4 48.Be2 Re3 49.Bf1 Bc2 50.Ra1 d5 51.exd5 e4
52.Nf6 exf3 53.gxf3 Rxf3 54.Re1 Bd6 55.Ne8 Bb4 56.Bg2 Bxe1 57.Bxf3 Bxa5 58.d6 Ba4
59.Nf6 Bd8 60.Ng4 Kb6 61.Ne5 g5 62.Bg4 Bb3 63.Kg2 Kc5 64.d7 Kd6 65.Nf3 Ba4
66.Kh3 Kd5 67.Nh2 Bb5 68.Kg2 Ke4 69.Nf1 Kf4 70.Nh2 Bc4 71.Kh3 Bd5 72.Nf1 Bc6
73.Nh2 Ba5 74.Nf1 Bb6 75.Nh2 Ke3 76.Be6 Bb5 77.Ng4+ Kf4 78.Nh2 Be2 79.Bg4 Bc4
80.Kg2 Ke3 81.Nf1+ Kf4 82.Nh2 Bd5+ 83.Kh3 Ke3 84.Bf5 Bd8 85.Ng4+ Kf4 86.Nh6 Bc4
87.Kg2 Bb6 88.Bg4 Bc7 89.Bf5 Be2 90.Be6 g4  1/2-1/2

[Event "BL2-S9091"]
[Site "Germany"]
[Date "1991.??.??"]
[Round "?"]
[White "Hecht, Hans Joachim"]
[Black "Sick, Oliver"]
[Result "1/2-1/2"]
[WhiteElo "2425"]
[BlackElo "2345"]

1.e4 d6 2.d4 g6 3.Nc3 Bg7 4.Be3 Nf6 5.f3 O-O 6.Qd2 e5 7.d5 Nh5 8.g4 Nf4 9.Nge2 Nxe2
10.Bxe2 f5 11.gxf5 gxf5 12.Bg5 Qe8 13.exf5 Bxf5 14.O-O-O Nd7 15.Ne4 Bxe4
16.fxe4 Nc5 17.Bd3 Kh8 18.Rhg1 Rf3 19.Qg2 Qf7 20.Rdf1 Nxd3+ 21.cxd3 Rf8 22.Rxf3 Qxf3
23.Bd2 Rf7 24.Kc2 Qxg2 25.Rxg2 Kg8 26.Be3 a6 27.Kd2 Kf8 28.Ke2 Ke7 29.h4 c6
30.b3 Kf8 31.h5 c5 32.Bd2 Ke7 33.Rf2 Rxf2+ 34.Kxf2 Kd7 35.Kf3 Ke7 36.Kg4 Kf7
37.Ba5 Bf6 38.Kf5 Be7 39.Bb6 Bf8 40.a3 Ke7 41.Ba5 Bh6 42.Be1  1/2-1/2

[Event "BL2-S9091"]
[Site "Germany"]
[Date "1991.??.??"]
[Round "?"]
[White "Heidrich, Manfred"]
[Black "Sick, Oliver"]
[Result "1-0"]
[WhiteElo "2310"]
[BlackElo "2345"]

1.e4 d6 2.Nc3 g6 3.d4 Bg7 4.f4 Nc6 5.Be3 Nh6 6.Nf3 O-O 7.Be2 Bg4 8.O-O e5
9.dxe5 dxe5 10.Qc1 Kh8 11.fxe5 Ng8 12.Bc5 Bxf3 13.gxf3 Bxe5 14.Bxf8 Qxf8
15.f4 Qc5+ 16.Kh1 Bg7 17.Qe1 Nd4 18.Bd3 Qb6 19.Rb1 c6 20.Ne2 Nf6 21.Nxd4 Qxd4
22.Qf2 Qa4 23.e5 Nd5 24.a3 f5 25.exf6 Nxf6 26.Rbe1 Rf8 27.f5 g5 28.Re7 b6
29.Rfe1 c5 30.Qg2 Ng8 31.f6 Rxf6 32.Re8 Qh4 33.Qd5 Bf8 34.Bc4 Nh6 35.Rxf8+ Kg7
36.Re7+  1-0

[Event "BL2-SW9091"]
[Site "Germany"]
[Date "1991.??.??"]
[Round "?"]
[White "Bletz, Harald"]
[Black "Kettner, Juergen"]
[Result "1-0"]
[WhiteElo "2285"]
[BlackElo "2215"]

1.d4 g6 2.e4 Bg7 3.Nc3 d6 4.Bg5 c6 5.Qd2 b5 6.f4 Nd7 7.Nf3 Bb7 8.e5 f6 9.Bh4 d5
10.Qe3 fxe5 11.fxe5 Nh6 12.Bd3 Nf8 13.O-O Ne6 14.Ng5 Nxg5 15.Qxg5 Kd7 16.Rf3 Qe8
17.Nxb5 cxb5 18.Bxb5+ Bc6 19.Bxc6+ Kxc6 20.Rc3+ Kb7 21.Rb3+ Kc6 22.Rc3+ Kb7
23.Rb3+ Kc6 24.Qd2 Nf5 25.Qa5 Rb8 26.Qc5+ Kd7 27.Qxd5+ Kc7 28.Rc3+ Kb6 29.Be1 e6
30.Rb3+ Kc7 31.Qc5+ Qc6 32.Qxa7+ Rb7 33.Ba5+  1-0

[Event "BL2-SW9091"]
[Site "Germany"]
[Date "1991.??.??"]
[Round "?"]
[White "Delnef, Alexander"]
[Black "Buchal, Stephan"]
[Result "0-1"]
[WhiteElo "2265"]
[BlackElo "2285"]

1.e4 g6 2.d4 Bg7 3.Nc3 d6 4.Nf3 Nf6 5.Be2 O-O 6.O-O c6 7.a4 Nbd7 8.h3 e5
9.dxe5 dxe5 10.Bc4 Qe7 11.b3 Nc5 12.Ba3 b6 13.Qd2 Bb7 14.Qe3 Nfd7 15.Rad1 h6
16.Rd2 Rfd8 17.Rfd1 Kh7 18.Bxc5 bxc5 19.a5 Rab8 20.Na4 a6 21.Rd6 Nf6 22.Rxd8 Rxd8
23.Rxd8 Qxd8 24.Nxc5 Bc8 25.Bxf7 Qxa5 26.Be6 Bf8 27.Bxc8 Bxc5 28.Qd2 Qc7
29.Bxa6 Nxe4 30.Qe2 Bxf2+ 31.Kh2 Bg3+ 32.Kh1 Nf2+ 33.Kg1 e4 34.Nd4 Qf4 35.Qf1 Bh2+  0-1

[Event "BL2-SW9091"]
[Site "Germany"]
[Date "1991.??.??"]
[Round "?"]
[White "Schmitzer, Klaus"]
[Black "Alber, Horst"]
[Result "1-0"]
[WhiteElo "2335"]
[BlackElo "2335"]

1.e4 g6 2.d4 Bg7 3.Nc3 d6 4.Be3 a6 5.Qd2 b5 6.f3 Nd7 7.h4 h5 8.Nh3 Ngf6 9.O-O-O Bb7
10.Be2 Rc8 11.Ng5 O-O 12.g4 b4 13.Nd5 Nxd5 14.exd5 Nf6 15.Ne4 Bxd5 16.Nxf6+ exf6
17.gxh5 Re8 18.Rde1 Qd7 19.b3 c5 20.dxc5 dxc5 21.Bc4 Rxe3 22.Qxe3 Bxc4 23.bxc4 Qd4
24.Qxd4 cxd4 25.hxg6 fxg6 26.Re7 Rxc4 27.Rd7 Bh6+ 28.Kb1 Be3 29.h5 g5 30.h6 Rc8
31.h7+ Kh8 32.Rf7  1-0

[Event "BL2-SW9091"]
[Site "Germany"]
[Date "1991.??.??"]
[Round "?"]
[White "Schmitzer, Klaus"]
[Black "Seret, Jean Luc"]
[Result "0-1"]
[WhiteElo "2335"]
[BlackElo "2375"]

1.d4 g6 2.e4 Bg7 3.Nc3 d6 4.Be3 c6 5.Qd2 b5 6.h4 h5 7.Nh3 Bxh3 8.Rxh3 Nf6
9.f3 Nbd7 10.a4 Qa5 11.Ra2 b4 12.Ne2 Rb8 13.Nc1 Qc7 14.Nb3 O-O 15.Bh6 c5
16.Bxg7 Kxg7 17.d5 Rfe8 18.Bc4 Ne5 19.Bb5 Red8 20.Qe3 Qc8 21.Ra1 e6 22.dxe6 Qxe6
23.Kf1 Ned7 24.Rd1 Nb6 25.Qg5 a6 26.Bxa6 Nxa4 27.Be2 Nxb2 28.Ra1 Ra8 29.Na5 Rd7
30.Qc1 Rda7 31.Qxb2 Rxa5 32.Rd1 Ra2 33.Qc1 Qe5 34.Qd2 b3 35.f4 Qxe4 36.Rxb3 Rxc2
37.Qe3 Raa2 38.Qxe4 Nxe4 39.Re3 Rxe2  0-1

[Event "BL2-W9091"]
[Site "Germany"]
[Date "1991.??.??"]
[Round "?"]
[White "Fleck, Juergen"]
[Black "Cuijpers, Frans Andre"]
[Result "1/2-1/2"]
[WhiteElo "2385"]
[BlackElo "2415"]

1.e4 g6 2.d4 Bg7 3.Nc3 d6 4.Nf3 Nf6 5.Be2 O-O 6.O-O c6 7.Re1 Nbd7 8.e5 dxe5
9.dxe5 Ng4 10.e6 Qb6 11.exf7+ Kh8 12.Rf1 Nde5 13.Nxe5 Nxe5 14.a4 Bf5 15.a5 Qc5
16.Be3 Qb4 17.Qc1 Nxf7 18.Rd1 e5 19.Ra4 Qe7 20.Ne4 b5 21.axb6 axb6 22.Rxa8 Rxa8
23.Bf3 Qc7 24.Qd2 Rd8 25.Qe2 b5 26.Rxd8+  1/2-1/2

[Event "BL2-W9091"]
[Site "Germany"]
[Date "1991.??.??"]
[Round "?"]
[White "Kupfer, Michael"]
[Black "Schlueter, Wolfgang"]
[Result "1-0"]
[WhiteElo "2220"]
[BlackElo "2275"]

1.e4 d6 2.d4 g6 3.Nc3 Bg7 4.Be3 a6 5.h3 b5 6.Nf3 Bb7 7.Bd3 Nd7 8.Qd2 c5 9.a3 Ngf6
10.dxc5 Nxc5 11.Bh6 O-O 12.Bxg7 Kxg7 13.Qe3 a5 14.O-O b4 15.axb4 axb4 16.Nd5 Bxd5
17.exd5 Nxd5 18.Qd4+ Nf6 19.Qxb4 Nxd3 20.cxd3 Rb8 21.Qd2 Qb6 22.Rfb1 Qb4
23.Qe2 Rb7 24.Nd2 Rc8 25.Nc4 e5 26.Ra6 Rd8 27.Rba1 Qc5 28.R1a4 Rb3 29.Ra3 Rxa3
30.Nxa3 Nd5 31.g3 Nb4 32.Ra4 Nc6 33.Nc4 Nd4 34.Qe3 Rd7 35.Ra5 Qc6 36.h4 f6
37.h5 d5 38.h6+ Kf7 39.Nd2 Qc1+ 40.Kg2 Qxb2 41.Nf3 Qb4 42.Ra8 Nf5 43.Qc1 Qb7
44.Rh8 Ke6 45.g4 Nd6 46.g5 Qb4 47.d4 e4 48.Nd2 Qxd4 49.Nb3 Qa7 50.Nc5+ Ke5
51.Qc3+ d4 52.Qg3+ Kd5 53.Nxd7 Qxd7 54.gxf6 Nf5 55.Qb3+ Ke5 56.f7 d3 57.Re8+ Kd4
58.Qb4+  1-0

[Event "BL2-W9091"]
[Site "Germany"]
[Date "1991.??.??"]
[Round "?"]
[White "Schoenthier, Frank"]
[Black "Gawehns, Klaus"]
[Result "1/2-1/2"]
[WhiteElo "2340"]
[BlackElo "2325"]

1.e4 g6 2.d4 Bg7 3.Nc3 d6 4.Nf3 Nf6 5.Be2 O-O 6.O-O Bg4 7.Be3 Nc6 8.d5 Bxf3
9.Bxf3 Ne5 10.Be2 c6 11.a4 Qc7 12.f4 Ned7 13.a5 cxd5 14.exd5 Rfc8 15.Kh1 a6
16.Qe1 b6 17.axb6 Nxb6 18.Bxa6 Nbxd5 19.Bxc8 Rxa1 20.Qxa1 Nxe3 21.Rf3 Nxc2
22.Qa8 Bf8 23.Ba6 Qa5 24.Qb7 Nd4 25.Rf1 e6 26.Bd3  1/2-1/2

[Event "Giessen op"]
[Site "Giessen"]
[Date "1991.??.??"]
[Round "5"]
[White "Christ, Ralf"]
[Black "Alber, Horst"]
[Result "1/2-1/2"]
[WhiteElo "2255"]
[BlackElo "2335"]

1.e4 g6 2.d4 Bg7 3.Nc3 d6 4.Nf3 c6 5.a4 a5 6.h3 Nf6 7.Be2 O-O 8.O-O Na6 9.Be3 Qc7
10.Qd2 Re8 11.Bc4 Nb4 12.Bb3 d5 13.e5 Nd7 14.Ne2 Nb6 15.c3 Na6 16.Bh6 Bh8
17.Nf4 e6 18.h4 c5 19.Rfc1 Qe7 20.h5 Bd7 21.Qe2 Rec8 22.Ng5 Bg7 23.Bxg7 Kxg7
24.Qg4  1/2-1/2

[Event "Aandalucia-ch"]
[Site "Granada"]
[Date "1991.??.??"]
[Round "2"]
[White "Fernandez Gutierrez, R."]
[Black "Manzano, J."]
[Result "1-0"]
[WhiteElo "2205"]
[BlackElo "2280"]

1.e4 g6 2.d4 Bg7 3.Nc3 d6 4.Bg5 c6 5.Qd2 b5 6.O-O-O Qa5 7.Kb1 Nd7 8.f4 Nb6
9.e5 d5 10.Ne4 Qxd2 11.Nxd2 f6 12.Bh4 Nh6 13.Bd3 Nc4 14.Nb3 Nf5 15.Bxf5 Bxf5
16.h3 Be4 17.exf6 exf6 18.Re1 O-O 19.Nf3 Rae8 20.Rhg1 Bxf3 21.gxf3 Kf7 22.Kc1 h6
23.Bg3 Nd6 24.Kd1 Nf5 25.Bh2 Rxe1+ 26.Rxe1 Re8 27.Rxe8 Kxe8 28.Ke2 Bf8 29.c3 Bd6
30.Nc1 Kf7 31.Nd3 Ke6 32.Bg1 Ng3+ 33.Ke3 Kf5 34.a3 a5 35.b3 a4 36.bxa4 bxa4
37.Nb2 Bxa3 38.Nxa4 Bc1+ 39.Kf2 Nh5 40.Bh2 Nxf4 41.Bxf4 Bxf4 42.Nb2 Bd2 43.Nd1 Kg5
44.Ke2 Bf4 45.Nf2 Bc7 46.Ke3 h5 47.Nd1 Kh4 48.Nf2 Kg3 49.Nd3 Kxh3 50.Nb4 Kg2
51.Nxc6 h4 52.Ne7 h3 53.Nxg6 h2  1-0

[Event "Anadalucia-chT"]
[Site "Granada"]
[Date "1991.??.??"]
[Round "3"]
[White "Caraballo, F."]
[Black "Pastor Pons, Carlos"]
[Result "1/2-1/2"]
[WhiteElo "2230"]
[BlackElo "2280"]

1.e4 g6 2.d4 Bg7 3.Nc3 d6 4.Be3 c6 5.a4 a5 6.Bc4 e6 7.Nge2 Ne7 8.Qd2 d5 9.Bd3 dxe4
10.Nxe4 h6 11.Bf4 Nf5 12.c3 g5 13.Bg3 Nxg3 14.N2xg3 f5 15.Nc5 b6 16.Nb3 h5
17.Qe2 Kf7 18.Nxh5 Bf8 19.Ng3 Nd7 20.Nd2 Ra7 21.Bc4 Qf6 22.Nf3 Bh6 23.Rd1 Rc7
24.O-O g4 25.Ne5+ Nxe5 26.Qxe5 Qxe5 27.dxe5 Ke7 28.Rfe1 Rd7 29.Rxd7+ Bxd7
30.Ne2 c5 31.g3 Rd8 32.Rd1 Bc8  1/2-1/2

[Event "Graz zt (Women)"]
[Site "Graz"]
[Date "1991.??.??"]
[Round "?"]
[White "Weiss, Ursula"]
[Black "Hund, Isabel"]
[Result "0-1"]
[WhiteElo "2055"]
[BlackElo "2080"]

1.e4 g6 2.d4 d6 3.Nc3 Bg7 4.Bg5 c6 5.h3 Qb6 6.Nge2 Qxb2 7.Rb1 Qa3 8.Qd2 Qa5
9.h4 Nf6 10.f3 Nbd7 11.g4 h5 12.gxh5 Nxh5 13.Bh3 Nb6 14.Bxc8 Rxc8 15.Bxe7 Nc4
16.Qd3 Kxe7 17.Qxc4 b5 18.Qb3 Rhe8 19.Kf2 Qb6 20.Rbd1 a6 21.Rhe1 Kf8 22.Kg2 Qd8
23.e5 dxe5 24.dxe5 Qxh4 25.Rd7 Re7 26.Rxe7 Qxe7 27.f4 g5 28.Rf1 gxf4 29.e6 Qg5+
30.Kh1 Qh4+ 31.Kg1 Qg4+ 32.Kh1 f3 33.e7+ Ke8 34.Rf2 Ng3+ 35.Nxg3 Qxg3 36.Ne4 Qh4+
37.Kg1 Qxe4 38.Rxf3 Qg4+ 39.Kf1 Qc4+ 40.Qxc4 bxc4 41.Rf4 c3 42.Ra4 Kxe7 43.Rxa6 Kd6  0-1

[Event "Groningen op"]
[Site "Groningen"]
[Date "1991.??.??"]
[Round "4"]
[White "Lanka, Zigurds"]
[Black "Petran, Peter"]
[Result "0-1"]
[WhiteElo "2505"]
[BlackElo "2395"]

1.e4 g6 2.d4 Bg7 3.Nc3 d6 4.f4 a6 5.Be2 b5 6.Bf3 Nd7 7.Be3 e5 8.dxe5 dxe5
9.f5 Bb7 10.Nh3 Ngf6 11.Nf2 b4 12.Na4 gxf5 13.exf5 e4 14.Be2 Bc6 15.c4 h5
16.Qb3 Qe7 17.O-O-O Qe5 18.Rhf1 Qa5 19.Qc2 Qxa4 20.b3 Qa5 21.Bd4 Qxf5 22.Ng4 Qg5+
23.Be3 Qg6 24.Nxf6+ Nxf6 25.Kb1 O-O 26.h3 Rfd8 27.g4 Rxd1+ 28.Qxd1 hxg4 29.hxg4 Nd7
30.Rf5 Ne5 31.Rg5 Qf6 32.Rf5 Qd6 33.Qh1 Nxg4 34.Qh5 Nf6 35.Qh4 Qe6 36.Rc5 Nd7
37.Rg5 Qf6 38.Bc1 Qa1+ 39.Kc2 Qxa2+ 40.Kd1 Qxb3+ 41.Ke1 Qc3+ 42.Bd2 Qa1+
43.Kf2 Qf6+ 44.Bf4 Ne5  0-1

[Event "Groningen op"]
[Site "Groningen"]
[Date "1991.??.??"]
[Round "6"]
[White "Renet, Olivier"]
[Black "Petran, Peter"]
[Result "0-1"]
[WhiteElo "2485"]
[BlackElo "2395"]

1.e4 g6 2.d4 Bg7 3.Nc3 d6 4.f4 a6 5.Nf3 b5 6.Bd3 Nd7 7.e5 e6 8.a4 b4 9.Ne4 d5
10.Ned2 c5 11.c4 Ne7 12.cxd5 Nxd5 13.Nc4 O-O 14.O-O cxd4 15.Be4 a5 16.Qxd4 Ba6
17.Rd1 Bxc4 18.Qxc4 Rc8 19.Qe2 N7b6 20.Be3 Qe7 21.Bxb6 Nxb6 22.Kh1 Qc5 23.Nd4 Rfd8
24.Nb3 Rxd1+ 25.Qxd1 Qe3 26.Qf3 Qxf3 27.Bxf3 Rc2 28.Nxa5 Rxb2 29.h4 b3 30.Bd1 Rf2
31.g3 b2 32.Rb1 Bf8 33.Bb3 Bc5 34.Nb7 Bd4 35.Nd6 Nd5 36.Nb5 Bb6 37.Bxd5 exd5
38.Na3 Bc5  0-1

[Event "Groningen op"]
[Site "Groningen"]
[Date "1991.??.??"]
[Round "7"]
[White "Peelen, Piet"]
[Black "Cifuentes Parada, Roberto"]
[Result "0-1"]
[WhiteElo "2375"]
[BlackElo "2535"]

1.e4 g6 2.d4 Bg7 3.Nc3 d6 4.f4 Nf6 5.Nf3 O-O 6.Be2 c5 7.dxc5 Qa5 8.O-O Qxc5+
9.Kh1 Nc6 10.Bd3 Bg4 11.Qe1 Bxf3 12.Rxf3 Nb4 13.Be3 Nxd3 14.cxd3 Qb4 15.Rb1 Rfc8
16.f5 Rc6 17.a3 Qb3 18.Bd4 Rac8 19.Bxf6 Bxf6 20.Nd5 Bg5 21.d4 Qa4 22.Qg3 Rc1+
23.Rf1 Rxb1 24.Rxb1 Qc2 25.Re1 Qd2 26.h4 Bf6 27.fxg6 hxg6 28.Rf1 Qxd4 29.Kh2 Kg7
30.Nxf6 exf6 31.Rf4 Qxb2 32.Rf3 Qe5 33.Rf4 Rc3 34.Qg4 Rxa3  0-1

[Event "Groningen op"]
[Site "Groningen"]
[Date "1991.??.??"]
[Round "8"]
[White "Mitkov, Nikola"]
[Black "Nijboer, Friso"]
[Result "1-0"]
[WhiteElo "2490"]
[BlackElo "2465"]

1.e4 d6 2.d4 g6 3.Nc3 Bg7 4.Be3 a6 5.a4 Nf6 6.f3 O-O 7.Bc4 Nc6 8.Nge2 e5
9.O-O Bd7 10.Qd2 Rb8 11.a5 Kh8 12.Bg5 Qe8 13.dxe5 Qxe5 14.Nd5 Nxd5 15.exd5 Nd4
16.c3 Nxe2+ 17.Bxe2 f5 18.g3 Bf6 19.Bh6 Bg7 20.Bg5 Bf6 21.Bh6 Bg7 22.Bf4 Qf6
23.Rfe1 Rfe8 24.Bf1 Qf8 25.Kf2 Qf7 26.Be3 Re7 27.f4 Rbe8 28.Bd4 Bxd4+ 29.Qxd4+ Kg8
30.Bg2 h6 31.h4 Qg7 32.Qxg7+ Kxg7 33.Rxe7+ Rxe7 34.Rd1 Bb5 35.Bf3 g5 36.hxg5 hxg5
37.fxg5 Kg6 38.Rd4 Bd7 39.Rb4 Bc8 40.Rh4 Rh7 41.Rxh7 Kxh7 42.Ke3 Kg6 43.Kf4 b6
44.b4 Bb7 45.Bg2 Ba8 46.Bf1 Bxd5 47.Bxa6  1-0

[Event "Hajduszoboszlo zt (Women)"]
[Site "Hajduszoboszlo"]
[Date "1991.??.??"]
[Round "7"]
[White "Pilarska, Czeslawa"]
[Black "Ivanka Budinsky, Maria"]
[Result "0-1"]
[WhiteElo "2205"]
[BlackElo "2300"]

1.e4 d6 2.d4 g6 3.Nc3 Bg7 4.Nf3 c6 5.Be2 b5 6.a3 a6 7.O-O Nd7 8.Re1 Qc7 9.Bf1 e5
10.dxe5 dxe5 11.Bg5 Ngf6 12.Qd2 h6 13.Bh4 g5 14.Bg3 Nh5 15.Rad1 Nxg3 16.hxg3 O-O
17.Qd6 Qb6 18.Rd2 Re8 19.Red1 Bf8 20.Qd3 Nf6 21.Nh2 Be6 22.Qf3 Kg7 23.g4 b4
24.axb4 Bxb4 25.Bd3 Bxc3 26.bxc3 a5 27.c4 a4 28.c3 Qb3 29.Rb1 Qxc3 30.Rbb2 Red8
31.Rbc2 Qb4 32.Qe2 Qc5 33.Kh1 a3 34.f3 Nd7 35.Nf1 Qb4 36.Ne3 Nc5 37.Rc1 a2
38.Ra1 Qc3  0-1

[Event "Hallsberg op"]
[Site "Hallsberg"]
[Date "1991.??.??"]
[Round "?"]
[White "Jaracz, Pawel"]
[Black "Shchekachev, Andrei"]
[Result "1/2-1/2"]
[WhiteElo "2300"]
[BlackElo "2485"]

1.e4 d6 2.d4 g6 3.Nc3 Bg7 4.Nge2 Nf6 5.Be3 c6 6.f3 Nbd7 7.Qd2 b5 8.Bh6 Bxh6
9.Qxh6 b4 10.Nd1 c5 11.d5 Qa5 12.Qd2 Ba6 13.Ne3 h5 14.Nf4 Bxf1 15.Rxf1 Nb6
16.Nd3 Qb5 17.Kf2 a5 18.Kg1 O-O 19.Nf2 Rfe8 20.f4 c4 21.Rad1 Red8 22.Kh1 Qc5
23.c3 Rab8 24.Nc2 Na4 25.Nd4 bxc3 26.bxc3 Rb2 27.Qe1 Rdb8 28.e5 Nxd5 29.Ne4 Qc8
30.e6 fxe6 31.Qg3 Qe8 32.Nxe6 Re2 33.Rxd5 Rxe4 34.Nd4 e5 35.fxe5 dxe5 36.Nf3 Rf4
37.Re1 Rg4 38.Qxe5 Qxe5 39.Rdxe5 Nxc3 40.Rxa5 Re4 41.Rf1 Rb1 42.Rxb1 Nxb1
43.Re5 Rf4 44.Kg1 c3 45.Re2 Na3 46.Kf2 c2 47.Re1 Re4 48.Rc1 Kg7 49.Nd2 Re8
50.Nb3 Kf6 51.Re1 Ra8 52.Ke3 Nb5 53.Kd2 Rxa2 54.Rc1 Ke5 55.Rxc2 Rxc2+ 56.Kxc2 Kf4
57.Kd2  1/2-1/2

[Event "Hartberg op"]
[Site "Hartberg"]
[Date "1991.??.??"]
[Round "4"]
[White "Palac, Mladen"]
[Black "Plachetka, Jan"]
[Result "1-0"]
[WhiteElo "2475"]
[BlackElo "2425"]

1.e4 g6 2.d4 Bg7 3.Nc3 d6 4.f4 Nd7 5.Nf3 c5 6.d5 a6 7.a4 Qc7 8.Be2 Ngf6 9.O-O O-O
10.Kh1 b6 11.Bc4 Re8 12.e5 dxe5 13.fxe5 Nxe5 14.Bf4 Nh5 15.Nxe5 Nxf4 16.d6 Qxd6
17.Bxf7+ Kh8 18.Bxe8 Bxe5 19.Qf3 Rb8 20.Bc6 h5 21.Rae1 Ne6 22.Bd5 Bg7 23.Qf7  1-0

[Event "Helsingborg-B"]
[Site "Helsingborg"]
[Date "1991.??.??"]
[Round "?"]
[White "Jersblad, Johan"]
[Black "Nilsson, A."]
[Result "0-1"]
[WhiteElo "2200"]
[BlackElo "2200"]

1.e4 g6 2.d4 Bg7 3.Nc3 d6 4.Nf3 Nf6 5.Be2 O-O 6.O-O Bg4 7.Be3 Nc6 8.h3 Bxf3
9.Bxf3 e5 10.Ne2 Nd7 11.c3 Qe8 12.Qc1 f5 13.Bh6 f4 14.Bxg7 Kxg7 15.Qd2 Nf6
16.Rfe1 h5 17.Rad1 g5 18.dxe5 dxe5 19.g4 hxg4 20.Bxg4 Nxe4 21.Qd7+ Rf7 22.Qxe8 Rxe8
23.Bh5 Nd6 24.Bxf7 Kxf7 25.Nc1 e4 26.Rd5 Ne5 27.Kf1 Nf3 28.Re2 Rh8 29.Kg2 Nh4+
30.Kf1 Nhf5 31.Rxf5+ Nxf5 32.Rxe4 Rxh3 33.Kg2 Rh8 34.Nd3 Rd8 35.Ne5+ Kg7
36.Nc4 Rd3 37.Re5 Kf6 38.Re1 Rd5  0-1

[Event "Helsingborg-A"]
[Site "Helsingborg"]
[Date "1991.??.??"]
[Round "?"]
[White "Eriksson, Magnus"]
[Black "Sandstrom, Ludvig"]
[Result "0-1"]
[WhiteElo "2200"]
[BlackElo "2225"]

1.e4 g6 2.d4 Bg7 3.Nc3 d6 4.Be3 Nd7 5.Nf3 Ngf6 6.h3 e5 7.dxe5 dxe5 8.Be2 Qe7
9.O-O c6 10.Nd2 O-O 11.Nc4 Ne8 12.a4 b6 13.Qd2 Nc5 14.a5 b5 15.Nd6 Ne6 16.Nxc8 Rxc8
17.Rfd1 Nd4 18.Bf1 Nc7 19.Ne2 Nce6 20.Ra2 Rfd8 21.Qc1 Nc5 22.f3 Bf6 23.b4 Nce6
24.c3 Nxe2+ 25.Bxe2 Bg5 26.Bxg5 Rxd1+ 27.Bxd1 Nxg5 28.Qe3 Ne6 29.Be2 c5 30.bxc5 Rxc5
31.a6 Qc7 32.Ra3 Kg7 33.g3 Qb6 34.Kg2 b4 35.Rb3 Qc7 36.cxb4 Rc2 37.Rd3 Rb2
38.Rb3 Ra2 39.Ra3 Rb2 40.Rb3 Rc2 41.Rd3 Nd4 42.Rd2 Rc1 43.Rb2 Rc3 44.Qd2 Ra3
45.h4 h5 46.b5 Qc5 47.Ra2 Rc3 48.b6 Nxe2 49.Qxe2 Qxb6 50.Rb2 Qc5 51.Qb5 Rc2+
52.Kh3 Qc8+ 53.g4 hxg4+ 54.Kg3 Rc5 55.Qb7 Qe6 56.Qxa7 Rc3 57.Rf2 Ra3 58.Qb7 Qf6
59.Kxg4 Qf4+ 60.Kh3 Ra1  0-1

[Event "Helsinki op"]
[Site "Helsinki"]
[Date "1991.??.??"]
[Round "?"]
[White "Kiik, Kalle"]
[Black "Johansson, Jan"]
[Result "1-0"]
[WhiteElo "2425"]
[BlackElo "2415"]

1.e4 g6 2.d4 Bg7 3.Nc3 d6 4.Be2 Nf6 5.h4 Nc6 6.Be3 e5 7.d5 Nd4 8.Nf3 Nxe2
9.Qxe2 O-O 10.Nd2 c5 11.Bg5 Bd7 12.a4 h6 13.Bxf6 Qxf6 14.f3 b6 15.Nc4 Rfb8
16.g4 a6 17.b3 b5 18.Na5 Rb6 19.Qe3 Rab8 20.Nc6 Bxc6 21.dxc6 Rxc6 22.axb5 axb5
23.Nd5 Qe6 24.Ra7 Re8 25.h5 g5 26.O-O Bf6 27.Nc7 Rxc7 28.Rxc7 Ra8 29.Qd3 Ra2
30.Qxb5 Rxc2 31.Ra1 Bd8 32.Qb8 Kg7 33.Rc8 Bf6 34.Rh8  1-0

[Event "HUN-chT"]
[Site "HUN"]
[Date "1991.??.??"]
[Round "?"]
[White "Almasi, Zoltan"]
[Black "Kurucsai, Istvan"]
[Result "1-0"]
[WhiteElo "2340"]
[BlackElo "2095"]

1.e4 g6 2.d4 Bg7 3.Nc3 d6 4.f4 Nf6 5.Nf3 c6 6.Bd3 O-O 7.O-O a5 8.Qe1 Qb6
9.Kh1 Bg4 10.e5 Nd5 11.Nxd5 cxd5 12.c3 dxe5 13.fxe5 f6 14.exf6 exf6 15.Qg3 Bxf3
16.Qxf3 Qc6 17.a4 Nd7 18.Bb5 Qe6 19.b3 Kh8 20.Ba3 Rfe8 21.c4 f5 22.cxd5 Qf7
23.d6 Re4 24.Qxe4  1-0

[Event "HUN-chT"]
[Site "HUN"]
[Date "1991.??.??"]
[Round "?"]
[White "Mathe, Gaspar"]
[Black "Poor, Istvan"]
[Result "1-0"]
[WhiteElo "2405"]
[BlackElo "2225"]

1.e4 g6 2.d4 Bg7 3.Nc3 d6 4.Be3 c6 5.f4 b5 6.Bd3 Qb6 7.Nf3 Bg4 8.Ne2 Bxf3
9.gxf3 e5 10.fxe5 dxe5 11.c3 Nd7 12.Qd2 Ne7 13.O-O-O Qa5 14.Kb1 Nb6 15.h4 O-O-O
16.Qc2 Nc4 17.Bf2 f5 18.Nc1 fxe4 19.fxe4 Rhf8 20.Nb3 Qa4 21.Qe2 exd4 22.Nc5 Na3+
23.Ka1 Qa5 24.Bxd4 Rxd4 25.cxd4 Bxd4 26.Nb3 Qb6 27.Nxd4 Qxd4 28.Bxb5 Qe5
29.Ba6+ Kc7 30.Qd3 Nb5 31.Qd7+ Kb6 32.Qb7+  1-0